|
|
|
|
| LEADER |
00665cam a2200217ua 4500 |
| 008 |
051209s1974 g b000 u Eng u |
| 020 |
|
|
|c P 8.95
|
| 044 |
|
|
|a
|
| 082 |
1 |
4 |
|a 547.2 L4
|
| 100 |
1 |
|
|a Swan, J M.
|
| 245 |
0 |
0 |
|a Organometallics in organic synthesis /
|h Textual Documents
|
| 260 |
|
|
|a London : Chapman and Hall ,
|c 1974.
|
| 300 |
|
|
|a ;
|
| 365 |
|
|
|a P 8.95
|
| 650 |
|
0 |
|a Chemistry
|
| 650 |
|
0 |
|a Organic synthesis
|
| 650 |
|
0 |
|a Organometallic compounds
|
| 700 |
1 |
|
|a Black, D St C.
|
| 942 |
|
|
|c BK
|
| 999 |
|
|
|c 103683
|d 103683
|
| 952 |
|
|
|0 0
|1 0
|4 0
|6 547_200000000000000_L4
|7 0
|9 98319
|a SCS
|b SCS
|d 2014-06-26
|h P 8.95
|l 0
|o 547.2 L4
|p SCS00383
|r 2014-06-26
|w 2014-06-26
|y BK
|